000
00301nam a22001337a 4500
008
170707b xxu||||| |||| 00| 0 eng d
020
_a
9790442018657
041
_a
eng
080
_2
8TH
_a
003
100
_a
23
101
_a
ENC
245
_a
SCIENTIFIC ENCYCLOPEDIA
_c
CONSIDINE,D.M
942
_2
udc
_c
BK
999
_c
20095
_d
20095